[Event "URU-ch sf"]
[Site "Montevideo"]
[Date "2019.03.03"]
[Round "4"]
[White "Abadal, Marcelo"]
[Black "Chamlian, Aram"]
[Result "1-0"]
[WhiteElo "1890"]
[BlackElo "1724"]
[PlyCount "79"]
[EventDate "2019.03.01"]
[EventType "swiss"]
[EventRounds "8"]
[EventCountry "URU"]
[SourceTitle "CBM 189 Extra"]
[Source "ChessBase"]
[SourceDate "2019.06.03"]
[SourceVersion "1"]
[SourceVersionDate "2019.06.03"]
[SourceQuality "1"]

1. e4 c5 2. Nf3 Nc6 3. d4 cxd4 4. Nxd4 Nf6 5. Nc3 e5 6. Ndb5 d6 7. Bg5 a6 8. Na3 b5 9. Nd5 Be7 10. Bxf6 Bxf6 11. c4 bxc4 12. Nxc4 0-0 13. Nxf6+ Qxf6 14. Qxd6 Qxd6 15. Nxd6 Be6 16. Bc4 Rfd8 17. Bxe6 Rxd6 18. Bd5 Rad8 19. a3 Ne7 20. Bc4 a5 21. b3 Rd4 22. f3 a4 23. 0-0 Nc8 24. Rfc1 Nb6 25. Rc2 Kf8 26. Rac1 Nxc4 27. bxc4 Rb8 28. c5 Ke7 29. c6 Rc8 30. Rc4 Kd6 31. Rxd4+ exd4 32. Rc4 Ke5 33. Kf2 f5 34. Rc5+ Ke6 35. c7 g6 36. Ke2 fxe4 37. fxe4 Kd6 38. Rc4 Ke5 39. Kd3 h6 40. Rc5+ 1-0

[Event "URU-ch sf"]
[Site "Montevideo"]
[Date "2019.03.01"]
[Round "1"]
[White "Abadal, Marcelo"]
[Black "Carbone, Diego"]
[Result "1/2-1/2"]
[WhiteElo "1890"]
[BlackElo "2312"]
[PlyCount "168"]
[EventDate "2019.03.01"]
[EventType "swiss"]
[EventRounds "8"]
[EventCountry "URU"]
[SourceTitle "CBM 189 Extra"]
[Source "ChessBase"]
[SourceDate "2019.06.03"]
[SourceVersion "1"]
[SourceVersionDate "2019.06.03"]
[SourceQuality "1"]

1. e4 c5 2. Nf3 e6 3. d4 cxd4 4. Nxd4 Nc6 5. Nc3 Qc7 6. Be3 a6 7. a3 Nf6 8. Be2 Be7 9. 0-0 0-0 10. Nb3 b5 11. f4 d6 12. Bf3 Bb7 13. Qe2 Rfe8 14. Rad1 Rac8 15. Qf2 Nd7 16. Rd2 Na5 17. Nxa5 Qxa5 18. Ne2 Nf6 19. Nc3 Rxc3 20. bxc3 Nxe4 21. Bxe4 Bxe4 22. Bd4 Qxa3 23. Bxg7 Kxg7 24. Qd4+ Bf6 25. Qxe4 Qxc3 26. Rd3 Qc5+ 27. Kh1 d5 28. Rg3+ Kh8 29. Qe2 Qc4 30. Qf3 a5 31. Re1 Rg8 32. Rh3 Qxc2 33. g4 Rc8 34. f5 Rc3 35. Qf1 Rxh3 36. Qxh3 d4 37. fxe6 fxe6 38. Qh6 Qc6+ 39. Kg1 Bg7 40. Qxe6 Qxe6 41. Rxe6 Kg8 42. Rb6 b4 43. Rb5 d3 44. Kf1 Bc3 45. Rxa5 b3 46. Rb5 b2 47. Kf2 Kf7 48. Ke3 d2 49. Ke2 Ke6 50. Kd1 Kd6 51. h4 Kc6 52. Rb3 Kd5 53. Rb5+ Kc4 54. Rxb2 Bxb2 55. Kxd2 Kd4 56. Ke2 Ke4 57. Kf2 Bd4+ 58. Kg2 Kf4 59. Kh1 Kg3 60. g5 Kxh4 61. Kg2 Be5 62. Kg1 Bf4 63. Kg2 Be3 64. Kh1 Bf2 65. Kg2 Bg3 66. Kh1 Kh3 67. Kg1 Bh2+ 68. Kh1 Bf4 69. Kg1 Be5 70. Kh1 Kg3 71. Kg1 Kf3 72. Kh1 Bd4 73. Kh2 Kf2 74. Kh1 Be3 75. Kh2 Bd4 76. Kh1 Be5 77. g6 h5 78. g7 Bxg7 79. Kh2 Bf6 80. Kh1 h4 81. Kh2 Bg5 82. Kh1 Kg3 83. Kg1 h3 84. Kh1 h2 1/2-1/2

[Event "URU-chTB"]
[Site "Montevideo"]
[Date "2018.07.08"]
[Round "4.21"]
[White "Abadal, Marcelo"]
[Black "Escofet Fernandez, Jaime"]
[Result "1-0"]
[WhiteElo "1885"]
[BlackElo "1961"]
[PlyCount "91"]
[EventDate "2018.07.06"]
[EventType "team-swiss"]
[EventRounds "5"]
[EventCountry "URU"]
[SourceTitle "EXT 2019"]
[Source "ChessBase"]
[SourceDate "2018.10.10"]
[SourceVersion "1"]
[SourceVersionDate "2018.10.10"]
[SourceQuality "1"]
[WhiteTeam "San Jose"]
[BlackTeam "Solis de Pando"]
[WhiteTeamCountry "URU"]
[BlackTeamCountry "URU"]

1. e4 c6 2. d4 d5 3. exd5 cxd5 4. Bd3 Nc6 5. c3 Qc7 6. Bg5 Nf6 7. Nd2 Bg4 8. Qb1 e5 9. dxe5 Qxe5+ 10. Be3 Bd6 11. Ngf3 Qe7 12. 0-0 0-0 13. Bg5 Bxf3 14. Nxf3 h6 15. Re1 Qd8 16. Bh4 Be7 17. Qc2 Re8 18. Rad1 Kh8 19. Qb3 Na5 20. Qa4 Nc6 21. Qf4 Nh7 22. Qxf7 Nf8 23. Bxe7 Rxe7 24. Rxe7 Qxe7 25. Qxd5 Rd8 26. Qb3 Ne5 27. Be2 Re8 28. h3 Nfg6 29. Nxe5 Qxe5 30. Bf3 b6 31. Qd5 Qf6 32. Qd7 Rf8 33. Rd3 Qg5 34. Qg4 Qc1+ 35. Rd1 Qc2 36. Qe4 Qxe4 37. Bxe4 Ne5 38. b3 g5 39. Rd6 Kg7 40. Re6 Nf7 41. Rg6+ Kh8 42. Bd5 Ne5 43. Rxh6+ Kg7 44. Re6 Nd3 45. Re7+ Kh6 46. Be4 1-0

[Event "URU-chT Provinces"]
[Site "Montevideo"]
[Date "2017.08.25"]
[Round "1.3"]
[White "Abadal, Marcelo"]
[Black "Svarcas, Anibal"]
[Result "1-0"]
[WhiteElo "1891"]
[BlackElo "1634"]
[PlyCount "61"]
[EventDate "2017.08.25"]
[EventType "team-swiss"]
[EventRounds "5"]
[EventCountry "URU"]
[SourceTitle "EXT 2019"]
[Source "ChessBase"]
[SourceDate "2018.10.10"]
[SourceVersion "1"]
[SourceVersionDate "2018.10.10"]
[SourceQuality "1"]
[WhiteTeam "San Jose"]
[BlackTeam "Montevideo III"]
[WhiteTeamCountry "URU"]
[BlackTeamCountry "URU"]

1. e4 e5 2. Nf3 Nc6 3. d4 exd4 4. Nxd4 Bc5 5. Be3 Bb6 6. Bc4 Nf6 7. Nc3 Ne5 8. Be2 0-0 9. Bg5 h6 10. Bh4 Ba5 11. 0-0 Ng6 12. Bxf6 Qxf6 13. Nd5 Qe5 14. f4 Qd6 15. f5 Ne7 16. f6 Nxd5 17. fxg7 Ne3 18. gxf8Q+ Kxf8 19. Qd3 Nxf1 20. Rxf1 Bb6 21. c3 c5 22. Qf3 Qg6 23. Nf5 d5 24. Nh4 Qg7 25. exd5 Bd7 26. Bc4 Re8 27. d6 Be6 28. d7 Re7 29. Bxe6 Rxe6 30. Qd5 Qe5 31. Ng6+ 1-0

[Event "Montevideo Duchamp Cup 1st"]
[Site "Montevideo"]
[Date "2017.02.14"]
[Round "8"]
[White "Kaciusis, Daniel"]
[Black "Abadal, Marcelo"]
[Result "0-1"]
[WhiteElo "1677"]
[BlackElo "1897"]
[PlyCount "50"]
[EventDate "2017.02.09"]
[EventType "swiss"]
[EventRounds "9"]
[EventCountry "URU"]
[SourceTitle "CBM 176 Extra"]
[Source "ChessBase"]
[SourceDate "2017.03.02"]
[SourceVersion "1"]
[SourceVersionDate "2017.03.02"]
[SourceQuality "1"]

1. c4 f5 2. Nc3 Nf6 3. d4 e6 4. Nf3 d5 5. e3 c6 6. Be2 Bd6 7. 0-0 0-0 8. a3 Nbd7 9. b4 Ne4 10. Qc2 g5 11. Ne1 Qf6 12. g3 e5 13. Nxe4 fxe4 14. Bb2 exd4 15. Bxd4 Ne5 16. f4 Bh3 17. Rf2 gxf4 18. Qb2 f3 19. cxd5 cxd5 20. Rc1 Qg5 21. Bf1 Bxf1 22. Kxf1 Ng4 23. Qd2 Nxf2 24. Kxf2 Qh5 25. Kf1 Qh3+ 0-1

[Event "Montevideo Duchamp Cup 1st"]
[Site "Montevideo"]
[Date "2017.02.11"]
[Round "4"]
[White "Abadal, Marcelo"]
[Black "Vazquez, Facundo"]
[Result "0-1"]
[WhiteElo "1897"]
[BlackElo "1614"]
[PlyCount "90"]
[EventDate "2017.02.09"]
[EventType "swiss"]
[EventRounds "9"]
[EventCountry "URU"]
[SourceTitle "CBM 176 Extra"]
[Source "ChessBase"]
[SourceDate "2017.03.02"]
[SourceVersion "1"]
[SourceVersionDate "2017.03.02"]
[SourceQuality "1"]

1. e4 e6 2. d4 d5 3. Nd2 Nf6 4. e5 Nfd7 5. Bd3 c5 6. c3 Nc6 7. Ngf3 Be7 8. 0-0 g5 9. dxc5 Ndxe5 10. Nxe5 Nxe5 11. Nb3 Ng6 12. Re1 Bd7 13. Bf1 Bc6 14. c4 dxc4 15. Bxc4 Qxd1 16. Rxd1 Nh4 17. Bf1 h6 18. Be3 Nf5 19. Bd4 0-0 20. Rac1 Bd5 21. f3 Rfd8 22. Bf2 Bf6 23. Rc2 Be5 24. Rcd2 Rdc8 25. Na5 Rc7 26. Nc4 Bf4 27. Rd3 Bxc4 28. Rd8+ Rxd8 29. Rxd8+ Kg7 30. Bxc4 Ne3 31. Bb3 Rxc5 32. Bxe3 Bxe3+ 33. Kf1 Rc7 34. Rd3 Bc1 35. Rc3 Rxc3 36. bxc3 Kf6 37. Ke2 h5 38. g3 Ba3 39. h3 Bd6 40. Kf2 b5 41. g4 h4 42. Ke3 Ke5 43. Bc2 Bc5+ 44. Ke2 Kf4 45. Bd3 a6 0-1

[Event "URU-chTA"]
[Site "Montevideo"]
[Date "2016.09.24"]
[Round "3.53"]
[White "Abadal, Marcelo"]
[Black "Ibanez, Marcelo"]
[Result "1-0"]
[WhiteElo "1903"]
[BlackElo "1994"]
[PlyCount "53"]
[EventDate "2016.09.23"]
[EventType "team-swiss"]
[EventRounds "5"]
[EventCountry "URU"]
[SourceTitle "EXT 2018"]
[Source "ChessBase"]
[SourceDate "2017.10.13"]
[SourceVersion "1"]
[SourceVersionDate "2017.10.13"]
[SourceQuality "1"]

1. e4 e5 2. Nf3 d6 3. d4 exd4 4. Nxd4 Nf6 5. Nc3 Be7 6. Bc4 0-0 7. 0-0 a6 8. a4 c5 9. Nf5 Bxf5 10. exf5 Nc6 11. Nd5 Ne5 12. Be2 Nxd5 13. Qxd5 Qd7 14. f4 Nc6 15. c3 Rab8 16. Be3 Rfe8 17. Bxc5 Qc7 18. Bf2 Bf6 19. Bc4 Rbc8 20. Rfe1 Rf8 21. Ba2 Ne7 22. Qd3 Qa5 23. g4 h6 24. h4 Nc6 25. g5 Bd8 26. f6 Kh8 27. Qxd6 1-0

[Event "URU-ch Amateur"]
[Site "Colonia del Sacramento"]
[Date "2016.07.17"]
[Round "4.10"]
[White "Abadal, Marcelo"]
[Black "Vazquez, Facundo"]
[Result "1/2-1/2"]
[WhiteElo "1905"]
[BlackElo "1645"]
[PlyCount "110"]
[EventDate "2016.07.15"]
[EventType "swiss"]
[EventRounds "7"]
[EventCountry "URU"]
[SourceTitle "EXT 2024"]
[Source "ChessBase"]
[SourceDate "2023.10.10"]
[SourceVersion "1"]
[SourceVersionDate "2023.10.10"]
[SourceQuality "1"]

1. e4 e6 2. d4 d5 3. Nd2 Nf6 4. e5 Nfd7 5. Bd3 c5 6. c3 Nc6 7. Ngf3 Be7 8. 0-0 0-0 9. Re1 f5 10. exf6 Nxf6 11. Nf1 Qc7 12. Bg5 h6 13. Bh4 Bd7 14. Rc1 Qb6 15. dxc5 Bxc5 16. b4 Bd6 17. Bb1 Ne7 18. Qd3 Bb5 19. Qd4 Qxd4 20. Nxd4 Bxf1 21. Kxf1 e5 22. Bg3 Nc6 23. Nf5 Rad8 24. b5 Ne7 25. Nxd6 Rxd6 26. Bxe5 Rd7 27. h3 Kf7 28. Bd4 b6 29. Re3 Nc8 30. Bf5 Re7 31. Rce1 Rxe3 32. Rxe3 Nd6 33. Be6+ Kg6 34. Rg3+ Kh7 35. Bxd5 Nxb5 36. Bxf6 Rxf6 37. c4 Nc7 38. Be4+ Kg8 39. Ra3 a5 40. Rd3 Kf8 41. Rd7 Rf7 42. Rxf7+ Kxf7 43. Ke2 Kf6 44. f4 Ne6 45. Ke3 Nc5 46. g4 a4 47. a3 Ne6 48. Bc2 Nc5 49. Kd4 Ke6 50. Kc3 Kd6 51. Kb4 Kc7 52. Bxa4 Nd3+ 53. Kc3 Nxf4 54. h4 Ng2 55. Kd4 Nxh4 1/2-1/2

[Event "URU-ch sf"]
[Site "Colonia del Sacramento"]
[Date "2015.02.15"]
[Round "4"]
[White "Abadal, Marcelo"]
[Black "Casas, Nicolas"]
[Result "1-0"]
[WhiteElo "1930"]
[BlackElo "1793"]
[PlyCount "75"]
[EventDate "2015.02.13"]
[EventType "swiss"]
[EventRounds "9"]
[EventCountry "URU"]
[SourceTitle "EXT 2017"]
[Source "ChessBase"]
[SourceDate "2016.10.25"]
[SourceVersion "1"]
[SourceVersionDate "2016.10.25"]
[SourceQuality "1"]

1. e4 d5 2. exd5 Qxd5 3. Nc3 Qa5 4. d4 c6 5. Nf3 Bg4 6. h3 Bxf3 7. Qxf3 Nf6 8. Bc4 e6 9. 0-0 Bd6 10. Ne4 Nxe4 11. Qxe4 0-0 12. Bxe6 Re8 13. Qf5 Qxf5 14. Bxf5 Na6 15. a3 Nc7 16. Bd2 Rad8 17. Rfe1 g6 18. Rxe8+ Rxe8 19. Bd3 Nd5 20. g3 Kg7 21. Re1 Rxe1+ 22. Bxe1 f5 23. c4 Nf6 24. Bc3 Kf7 25. b4 a6 26. a4 Ke6 27. Kg2 Bc7 28. Kf3 h5 29. Bd2 Bd6 30. c5 Be7 31. Bc4+ Nd5 32. Ke2 Bf6 33. Kd3 g5 34. b5 axb5 35. axb5 cxb5 36. Bxb5 Bd8 37. Kc4 Bc7 38. Bxg5 1-0

[Event "La Paloma Rocha III Balneario-C"]
[Site "La Paloma"]
[Date "2014.02.13"]
[Round "7.4"]
[White "De Cuadro, Dionisio"]
[Black "Abadal, Marcelo"]
[Result "0-1"]
[WhiteElo "1620"]
[BlackElo "1890"]
[PlyCount "78"]
[EventDate "2014.02.10"]
[EventType "tourn"]
[EventRounds "9"]
[EventCountry "URU"]
[SourceTitle "EXT 2024"]
[Source "ChessBase"]
[SourceDate "2023.10.10"]
[SourceVersion "1"]
[SourceVersionDate "2023.10.10"]
[SourceQuality "1"]

1. d4 Nf6 2. c4 e5 3. d5 Bc5 4. e3 d6 5. Nc3 0-0 6. Nf3 Bg4 7. Be2 Nbd7 8. 0-0 Bb4 9. a3 Bxc3 10. bxc3 Ne4 11. Bd2 Ndc5 12. h3 Bxf3 13. Bxf3 Nxd2 14. Qxd2 Nb3 15. Qc2 Nxa1 16. Rxa1 f5 17. e4 f4 18. Bg4 Qg5 19. Qe2 Rf6 20. f3 Qh4 21. Qf2 Qxf2+ 22. Kxf2 Kf7 23. Rb1 b6 24. a4 Ke7 25. Ke2 g6 26. h4 h6 27. Kd3 Rg8 28. Rb2 h5 29. Bh3 g5 30. hxg5 Rxg5 31. Rb1 Rfg6 32. Rb2 Rg3 33. Rf2 Rxh3 34. gxh3 Rg3 35. Ke2 Rxh3 36. Rg2 Rh1 37. Rg7+ Kd8 38. Rh7 Rh2+ 39. Kf1 Rc2 0-1